000 00811nam a22002057a 4500
003 JO-AjAnu
005 20240605133632.0
008 240324b jo ||||| |||| 00| 0 ara d
040 _aJO-AjAnu
_cJO-AjAnu
041 0 _aeng
050 _aQA248
_b2024
100 1 _aAlgarager، Moa'th Tamem
_eprepared
_965106
245 0 _a Complex Negative Structures of Classical Semigroups /
_c Supervisor Anas Al-Masarwah ؛ prepared Moa'th Tamem Algarager
260 _c2024
300 _a46 ورقة
500 _aرسالة جامعية (رسالة ماجستير في الرياضيات) - جامعة عجلون الوطنية (عجلون، الاردن)، كلية العلوم، 2024.
650 4 0 _aComplex Negative Structures
_965109
700 1 _aAl-Masarwah، Anas
_esupervisor
_965103
942 _2lcc
_cTHS
_n0
999 _c33331
_d33331